|
|
|
|
| LEADER |
01414nam a2200409Ia 4500 |
| 001 |
EBC200445 |
| 003 |
MiAaPQ |
| 005 |
20200520144314.0 |
| 006 |
m o d | |
| 007 |
cr cn||||||||| |
| 008 |
031007s2004 enk sb 001 0 eng d |
| 010 |
|
|
|z 2003066692
|
| 015 |
|
|
|a GBA3T4240
|2 bnb
|
| 016 |
7 |
|
|z 010980908
|2 Uk
|
| 020 |
|
|
|z 0203629450
|
| 020 |
|
|
|z 041532002X
|
| 035 |
|
|
|a (MiAaPQ)EBC200445
|
| 035 |
|
|
|a (Au-PeEL)EBL200445
|
| 035 |
|
|
|a (CaPaEBR)ebr10100514
|
| 035 |
|
|
|a (CaONFJC)MIL7653
|
| 035 |
|
|
|a (OCoLC)437061091
|
| 040 |
|
|
|a MiAaPQ
|c MiAaPQ
|d MiAaPQ
|
| 050 |
|
4 |
|a HD4917
|b .L58 2004
|
| 082 |
0 |
4 |
|a 331.2/3
|2 22
|
| 245 |
0 |
0 |
|a Living wage movements
|h [electronic resource] :
|b global perspectives /
|c edited by Deborah M. Figart.
|
| 260 |
|
|
|a London ;
|a New York :
|b Routledge,
|c 2004.
|
| 300 |
|
|
|a xix, 230 p.
|
| 490 |
1 |
|
|a Advances in social economics
|
| 504 |
|
|
|a Includes bibliographical references and index.
|
| 533 |
|
|
|a Electronic reproduction. Ann Arbor, MI : ProQuest, 2015. Available via World Wide Web. Access may be limited to ProQuest affiliated libraries.
|
| 650 |
|
0 |
|a Living wage movement.
|
| 650 |
|
0 |
|a Labor movement.
|
| 655 |
|
4 |
|a Electronic books.
|
| 700 |
1 |
|
|a Figart, Deborah M.
|
| 710 |
2 |
|
|a ProQuest (Firm)
|
| 830 |
|
0 |
|a Advances in social economics.
|
| 856 |
4 |
0 |
|u https://ebookcentral.proquest.com/lib/matrademy/detail.action?docID=200445
|z Click to View
|